000 00313nam a22001217a 4500
020 _a9788183874434
082 _a631.587
_bPAW/IM
100 _aPawar, AN
_aBhaise, V B
_9193
245 _aImpact of Irrigation on Indian Economy
260 _aNew Delhi
_bSerials Publications
_c2011
300 _a210
942 _cBK
999 _c14159
_d14159